| 000 | 00692cam a2200241 4500500 | ||
|---|---|---|---|
| 005 | 20260405003839.0 | ||
| 041 | _afre | ||
| 042 | _adc | ||
| 100 | 1 | 0 |
_ade Oliveira, Victorine _eauthor |
| 700 | 1 | 0 |
_aTahin, Aymen _eauthor |
| 245 | 0 | 0 | _aTémoignages : les tournants de l’avis |
| 260 | _c2024. | ||
| 500 | _a67 | ||
| 690 | _aArguments | ||
| 690 | _aCroyance | ||
| 690 | _aFoi | ||
| 690 | _aGérald Bronner | ||
| 690 | _aOpinion | ||
| 690 | _aPolitique | ||
| 690 | _aSciences | ||
| 786 | 0 | _nPhilosophie magazine | 180 | 6 | 2024-06-01 | p. 32-34 | 1951-1787 | |
| 856 | 4 | 1 | _uhttps://shs.cairn.info/magazine-philosophie-magazine-2024-6-page-32?lang=fr&redirect-ssocas=7080 |
| 999 |
_c2071404 _d2071404 |
||